000 03476nam a22003377a 4500
001 TIC 0016
003 gtcocun
005 20250923175238.0
006 a||||gr|||| 00| 0
007 ta
008 250923b2022 gt ||||| m||| 00| 0 eng d
040 _agtcocun
_bSPA
_cgtcocun
_eRDA
041 _aSPA TIC 0016
084 _0TIC 0016
100 _aChacoj Laj, Cristian David
_eAutor
245 _aDISEÑO Y PLANIFICACIÓN DE EDIFICIO ESCOLAR ALDEA SANTO DOMINGO LAS CUEVAS, SISTEMA DE ABASTECIMIENTO DE AGUA ALDEA SALACUIM Y PROPUESTA DE MEJORAMIENTO DEL COFFEE TOUR ALDEA CHICOJ, COBÁN, ALTA VERAPAZ./
_cCristian David Chacoj Laj.
_hImpreso
264 _aCobán, Alta Verapaz:
_bUniversidad de San Carlos de Guatemala, Centro Universitario del Norte, Ingeniería Civil.
_cCobán, Alta Verapaz
300 _a241 p.:
_bIlustraciones, gráficas.
_c28 cm;
300 _cPDF
336 _2rdacontenido
_aTexto
_btxt
337 _2rdamedio
_aComputadora
_bn
338 _2rdasoporte
_aCódigo en línea
_bcr
502 _eTIC 0016
502 _aTesis de grado
_bIngeniería Civil
_cUniversidad de San Carlos de Guatemala, Centro Universitario del Norte, Ingeniería Civil
_d2022
_oTIC 0016
520 1 4 _aEl ejercicio Profesional Supervisado es una actividad práctica con una duración de ocho meses dentro del cual se realizan actividades de diagnóstico comunitarios, diseño y planificación de proyectos de infraestructura, además de asistencia técnica en donde el preprofesional aplica los conocimientos obtenidos durante su formación académica como estudiante de Ingeniería Civil. También se resalta que el alumno fue integrado a un programa denominado Ejercicio Profesional Supervisado Multidisciplinario y que ambos procesos se desarrollaron en la Municipalidad de Cobán, departamento de Alta Verapaz. La primera etapa desarrollada fue el diagnóstico comunitario, donde se atendió a las aldeas Chicoj, Chicoj Raxquix, Santo Domingo las Cuevas y Salacuim que fueron sugeridas por la dependencia de Dirección Social de la Municipalidad. Para el diagnóstico se emplearon técnicas como la observación y la entrevista al Consejo Comunitario de Desarrollo COCODE, con lo cual se recopiló información importante para conocer el contexto y las condiciones de vida que cuentan las personas. Se obtuvo la información procesada de la primera fase donde se decidió apoyar a 2 comunidades con diseños de infraestructura, lo cual permitió iniciar con la segunda etapa, donde se elaboró el plan de trabajo y se establecieron los objetivos, justificación, la estructuración del marco teórico y cronograma de actividades para cumplir con la entrega de productos. La última fase denominada ejecución, la cual consistió en el diseño y planificación de un edificio escolar de 2 niveles para la comunidad de Santo Domingo las Cuevas y el sistema de abastecimiento de agua para la comunidad de Salacuim, ambos del municipio de Cobán, cada uno cumplió con las normas de construcción y acueductos rurales respectivamente que rigen en el territorio nacional.
650 1 4 _2LEMB
_aCobán, Alta Verapaz.
_xIngeniería
_xEdificio
_xEscolar
_xDiagnóstico
_xDiseño
_xPlanificación
700 _aIng. Civil. Marlon Alexander Morán Castro
_eAsesor
856 _uhttps://drive.google.com/file/d/1KRDRmyS0jp3BPy1t9BemQwL_korFGXQj/view
_yPDF
_zUn ejemplar en línea.
942 _2ddc
_cTES
_iTIC 0016
_kClasificación
_n0
_6TIC_0016_000000000000000
999 _c2094
_d2094